Úrokové sadzby švajčiarskeho peňažného trhu a ich vplyv na výnosnosť štátnych obligácií
Analýza vývoja úrokových sadzieb švajčiarskeho peňažného trhu a posúdenie vplyvu referenčných úrokových sadzieb švajčiarskej centrálnej banky na výnosnosť vybraných štátnych dlhopisov na príklade Švajčiarska.
Salvato in:
| Autore principale: | |
|---|---|
| Natura: | Capitolo di libro |
| Lingua: | slovacco |
| Soggetti: | |
| Tags: |
Nessun Tag, puoi essere il primo ad aggiungerne!!
|
MARC
| LEADER | 00000nla a2200000 4500 | ||
|---|---|---|---|
| 001 | 0226034 | ||
| 005 | 20240502073718.3 | ||
| 041 | 0 | |a slo | |
| 044 | |a SK | ||
| 245 | 1 | 0 | |a Úrokové sadzby švajčiarskeho peňažného trhu a ich vplyv na výnosnosť štátnych obligácií |c Viera Malacká |
| 520 | |a Analýza vývoja úrokových sadzieb švajčiarskeho peňažného trhu a posúdenie vplyvu referenčných úrokových sadzieb švajčiarskej centrálnej banky na výnosnosť vybraných štátnych dlhopisov na príklade Švajčiarska. | ||
| 610 | 2 | 0 | |a Švajčiarsko |
| 610 | 2 | 0 | |a dlhopisy štátne |
| 610 | 2 | 0 | |a banky |
| 610 | 2 | 0 | |a sadzby úrokové |
| 610 | 2 | 0 | |a trh peňažný |
| 100 | 1 | |a Malacká, Viera | |